000 00720nam a2200217 i 4500
001 147087
003 ES-MaACL
005 20230906201808.0
007 t|
008 070921s1918 sp ||||1| spa d
080 _a913(234.1 Guadarrama)(036)
245 0 3 _aEl turismo y la Sierra de Guadarrama.
260 _a[Madrid] :
_bClub Alpino Español, Sección de Turismo,
_c1918.
300 _a99 p. :
_b71 lám. y map. ;
_c19 cm.
500 _aEn port.: Tomo I.
596 _aEn cubierta la fecha 1919.
651 4 _aGuadarrama (España, Sierra)-
_xDescripción.
_98798
651 4 _aGuadarrama (España, Sierra)-
_vGuías turísticas.
_9147228
710 0 _aClub Alpino Español.
_92853
852 _aES-MaACL
_jG-5808
999 _c147087
_d147087